A brief text in astronomy (Record no. 544041)
[ view plain ]
| 000 -LEADER | |
|---|---|
| fixed length control field | 00482cam a22001571 4500 |
| 082 ## - DEWEY DECIMAL CLASSIFICATION NUMBER | |
| Classification number | 520 |
| Author Mark | SKI |
| -- | L-1, P-4 |
| 100 1# - MAIN ENTRY--PERSONAL NAME | |
| Personal name | Skilling, William T. |
| 9 (RLIN) | 39580 |
| 245 02 - TITLE STATEMENT | |
| Title | A brief text in astronomy |
| Statement of responsibility, etc. | [by] William T. Skilling [and] Robert S. Richardson. |
| 260 ## - PUBLICATION, DISTRIBUTION, ETC. | |
| Place of publication, distribution, etc. | [New York] |
| Name of publisher, distributor, etc. | Holt |
| Date of publication, distribution, etc. | [1954] |
| 300 ## - PHYSICAL DESCRIPTION | |
| Extent | 327 p. |
| Other physical details | illus. |
| Dimensions | 25 cm. |
| 526 ## - STUDY PROGRAM INFORMATION NOTE | |
| Program name | 0 |
| Interest level | 0 |
| Reading level | 0 |
| Title point value | 520_000000000000000_SKI |
| 650 #0 - SUBJECT ADDED ENTRY--TOPICAL TERM | |
| Topical term or geographic name entry element | Astronomy. |
| 650 #0 - SUBJECT ADDED ENTRY--TOPICAL TERM | |
| Topical term or geographic name entry element | MCE |
| 9 (RLIN) | 379 |
| 700 1# - ADDED ENTRY--PERSONAL NAME | |
| Personal name | Richardson, Robert S. |
| 9 (RLIN) | 39581 |
| 942 ## - ADDED ENTRY ELEMENTS (KOHA) | |
| Source of classification or shelving scheme | |
| Koha item type | Book |
| Withdrawn status | Lost status | Source of classification or shelving scheme | Damaged status | Not for loan | Permanent Location | Current Location | Date acquired | Total Checkouts | Full call number | Barcode | Date last seen | Price effective from | Koha item type |
|---|---|---|---|---|---|---|---|---|---|---|---|---|---|
| Military College of Engineering (MCE) | Military College of Engineering (MCE) | 04/09/2014 | 520 SKI | MCE-2035 | 04/09/2014 | 04/09/2014 | Book |
